000 00645nam a2200205 i 4500
001 94666
003 ES-MaACL
005 20230906181529.0
007 t|
008 050511s1918 fr ||||1| fre d
100 1 _aLouis, Paul (
_d1872-1955)
_974318
245 1 0 _aAspects politiques de la guerre mondiale /
_cpar Paul Louis.
260 _aParis :
_bAlian,
_c1918.
300 _aVI, 260 p. ;
_c19 cm.
490 1 _aBibliothèque d'histoire contemporaine
650 0 4 _aGuerra mundial, 1914-1918-
_xAspectos políticos.
_913214
830 0 _aBibliothèque d'histoire contemporaine
_9180875
852 _aES-MaACL
_jG-7265
999 _c94666
_d94666